Elenca la formazione - Quiz n°265 - Statistics

Statistiche generali
  • Questo quiz è stato fatto 22 volte
  • Il punteggio medio è 6 su 11
Statistiche sulle risposte
Ruolo Club dell'epoca Calciatore % Corretto
Centrocampista Milan Clarence Seedorf
82%
Centrocampista Juventus Edgar Davids
82%
Attaccante Manchester United Ruud van Nistelrooy
82%
Difensore Lazio Jaap Stam
76%
Difensore Arsenal Giovanni van Bronckhorst
65%
Attaccante PSV Arjen Robben
59%
Attaccante Barcellona Marc Overmars
59%
Portiere Fulham Edwin van der Sar
53%
Centrocampista Barcellona Phillip Cocu
35%
Difensore Barcellona Michael Reiziger
18%
Difensore PSV Wilfred Bouma
18%
Nessun quiz corrispondente trovato
Distribuzione punteggi
Percentuale di utenti per punteggio
Percentile per numero di risposta
I tuoi punteggi nel tempo
Non hai fatto questo quiz